| 000 | 04771cam a22007934i 4500 | ||
|---|---|---|---|
| 001 | u49464 | ||
| 003 | PE-LiUPU | ||
| 005 | 20250731170451.0 | ||
| 008 | 150706s2010 pe a rb 000 0 spa d | ||
| 020 | _a6124011190 | ||
| 020 | _a9786124011191 | ||
| 035 | _a(Sirsi) i9786124011191 | ||
| 040 |
_aPE-LiUPU _bspa _cPE-LiUPU _dPE-LiUPU _erda |
||
| 049 | _aPRUA | ||
| 082 | 0 | 4 |
_a153.85 _bA58 2009 _221 |
| 082 | 0 | 4 |
_a153.85 _bA58 2010 |
| 100 | 1 |
_aAnicama Gómez, José, _eautor. |
|
| 245 | 1 | 0 |
_aAnálisis y modificación del comportamiento en la práctica clínica / _cJosé Anicama Gómez. |
| 264 | 1 |
_aLima : _bDecourt, _c2010. |
|
| 300 |
_a430 páginas : _bilustraciones ; _c24 centímetros. |
||
| 336 |
_atext _2rdacontent |
||
| 337 |
_aunmediated _2rdamedia |
||
| 338 |
_avolume _2rdacarrier |
||
| 504 | _aBibliografía al final de cada capítulo. | ||
| 505 | 0 | _aFundamentos filosóficos, teóricos y metodológicos -- La evolución de la Psicología como ciencia y como profesión -- La naturaleza de la ciencia y el método científico-natural en el análisis y modificación del comportamiento -- Historia del análisis conductual y la modificación del comportamiento -- Fundamentos epistemológicos y conceptuales -- Fundamentos metodológicos: diseños de investigación más frecuentes en el análisis conductual-cognitivo en situaciones clínicas -- Aplicaciones clínicas -- Lo que el análisis de la conducta ofrece hoy a la práctica clínica -- La investigación del caso clínico -- Diseño e implementación de programas de modificación y terapia del comportamiento en la clínica: control metodológico -- Análisis y tratamiento conductual-cognitivo de los desórdenes emocionales -- Análisis y tratamiento conductual-cognitivo de los problemas de aprendizaje -- El análisis y la modificación. | |
| 526 | _aSEG68 | ||
| 526 | _aSEG70 | ||
| 526 | _aSEG69 | ||
| 526 | _aSEG67 | ||
| 526 | _aSEG43 | ||
| 526 | _aP144 | ||
| 526 | _aP143 | ||
| 526 | _aP131 | ||
| 526 | _aP122 | ||
| 526 | _aP120 | ||
| 526 | _aP117 | ||
| 526 | _aP112 | ||
| 526 | _aP110 | ||
| 526 | _aP106 | ||
| 526 | _aP101 | ||
| 526 | _aP80 | ||
| 526 | _aP59 | ||
| 526 | _aP54 | ||
| 526 | _aP35 | ||
| 526 | _aP33 | ||
| 526 | _aP30 | ||
| 650 | 1 | 8 | _aComportamiento (Psicología). |
| 650 | 2 | 8 | _aConducta (Psicología). |
| 650 | 2 | 8 | _aTrastornos de la personalidad. |
| 910 |
_bjv _clch _d20110412 |
||
| 910 |
_btqv _cwelc _d20160825 |
||
| 942 |
_2ddc _cBOOK |
||
| 994 |
_aC0 _bPEPRU |
||
| 949 |
_a150 A56 2009 _wDEWEY _c1 _iFT02353 _d2018-4-3 _e2018-4-2 _lCCODEBUT1 _mBUT _n2 _r0 _sY _tBOOK _u2015-9-21 _xBIBLIOTECA _PP33 _0DONACION _o.STAFF. Colección Ciencias de la Salud |
||
| 949 |
_a153.85 A58 2010 _wDEWEY _c1 _iFJ01564 _d2017-10-2 _f2017-12-28 _g1 _lCCODEBUJ1 _mBUJ _p20.00 _q1 _r0 _sY _tBOOK _u2016-8-25 _xSALUD _PP33 _0COMPRA _o.STAFF. Colección General Juliaca |
||
| 949 |
_a153.85 A58 2010 _wDEWEY _c2 _iFJ07783 _d2018-4-10 _f2017-12-28 _g1 _lCCODEBUJ1 _mBUJ _p20.00 _q2 _r0 _sY _tBOOK _u2017-5-3 _xSALUD _PP33 _0COMPRA _o.STAFF. Colección General Juliaca |
||
| 949 |
_a153.85 A58 _wDEWEY _c1 _i62746 _d2018-5-6 _e2018-5-6 _f2018-2-11 _g2 _kCHECKEDOUT _lCCODEBUL1 _mBUL _n1 _p20.00 _rM _sY _tBOOK _u2015-7-6 _xSALUD _zUNKNOWN _0COMPRA _o.STAFF. Colección Ciencias de la Salud |
||
| 949 |
_a158.1 A58 _wDEWEY _c2 _i62745 _d2018-4-25 _e2016-3-29 _f2018-2-11 _g2 _lCCODEBUL1 _mBUL _n2 _p20.00 _q1 _r0 _sY _tBOOK _u2015-7-6 _xSALUD _zUNKNOWN _0COMPRA _o.STAFF. Colección Ciencias de la Salud |
||
| 596 | _a1 2 3 | ||
| 999 |
_a153.85 A58 _wDEWEY _c51813 _i62746 _d51813 _e2019-10-27 _f2021-11-3 _g5 _lCCODEBUL1 _mBUL _n2 _p20.00 _q1 _r0 _sY _tBOOK _u2015-7-6 _xSALUD _zUNKNOWN _0DONACION _o.STAFF. Colección Ciencias de la Salud |
||
| 999 |
_a158.1 A58 _wDEWEY _c2 _i62745 _d2018-11-18 _e2018-7-22 _f2021-11-3 _g6 _lCCODEBUL1 _mBUL _n3 _p20.00 _q2 _r0 _sY _tBOOK _u2015-7-6 _xSALUD _zUNKNOWN _0DONACION _o.STAFF. Colección Ciencias de la Salud |
||
| 999 |
_a150 A56 2009 _wDEWEY _c1 _iFT02353 _d2018-4-3 _e2018-4-2 _f2019-2-20 _g1 _lCCODEBUT1 _mBUT _n2 _r0 _sY _tBOOK _u2015-9-21 _xBIBLIOTECA _PP33 _0DONACION _o.STAFF. Colección General |
||
| 999 |
_a153.85 A58 2010 _wDEWEY _c1 _iFJ01564 _d2019-4-8 _f2022-1-17 _g4 _lCCODEBUJ1 _mBUJ _p20.00 _q4 _r0 _sY _tBOOK _u2016-8-25 _xSALUD _PP33 _0COMPRA _o.STAFF. Colección General Juliaca |
||
| 999 |
_a153.85 A58 2010 _wDEWEY _c2 _iFJ07783 _d2019-8-28 _f2022-1-17 _g4 _lCCODEBUJ1 _mBUJ _p20.00 _q3 _r0 _sY _tBOOK _u2017-5-3 _xSALUD _PP33 _0COMPRA _o.STAFF. Colección General Juliaca |
||
| 980 |
_81 _gALBERTO SANCHEZ Responsable de Automatización |
||